[Event "TUR-chT2"]
[Site "Konya"]
[Date "2017.07.10"]
[Round "2.26"]
[White "Kestel, Ahmet Arda"]
[Black "Sahil, Sabahattin"]
[Result "1-0"]
[WhiteElo "1573"]
[BlackElo "1351"]
[PlyCount "77"]
[EventDate "2017.07.09"]
[EventType "team-swiss"]
[EventRounds "9"]
[EventCountry "TUR"]
[SourceTitle "CBM 179 Extra"]
[Source "ChessBase"]
[SourceDate "2017.08.23"]
[SourceVersion "1"]
[SourceVersionDate "2017.08.23"]
[SourceQuality "1"]
[WhiteTeam "Ozel Biltepe Osmaniye"]
[BlackTeam "Cedid"]
[WhiteTeamCountry "TUR"]
[BlackTeamCountry "TUR"]

1. Nf3 d5 2. g3 f6 3. c4 d4 4. d3 e5 5. Bg2 c5 6. 0-0 Qb6 7. Qb3 Qxb3 8. axb3 Nc6 9. Bd2 Bd6 10. Na3 Be6 11. Nc2 Nge7 12. Ra2 Kd7 13. Rfa1 Rhb8 14. Na3 a6 15. Nb5 g5 16. Nxd6 Kxd6 17. Ne1 h5 18. Nc2 b5 19. Na3 b4 20. Nb5+ Kd7 21. Rxa6 Rxa6 22. Rxa6 Rc8 23. f4 gxf4 24. gxf4 Rg8 25. Kf2 Bg4 26. Na7 Nxa7 27. Rxa7+ Kd6 28. Ra6+ Kd7 29. Rxf6 Bxe2 30. Be4 Bd1 31. fxe5 Bxb3 32. e6+ Ke8 33. Bh6 Rh8 34. Bg7 Rg8 35. Rf7 Bd1 36. Bh7 Rxg7 37. Rxg7 Bg4 38. Rg5 Bxe6 39. Rxh5 1-0